MARC

LEADER 00000nas a2200000 a 4500
001 ssj0000858026
003 WaSeSS
005 20200512172242.0
006 m d
007 cr n
008 130326c20uu9999mdud| n|s|||||| |0eng d
035 |a (WaSeSS)ssj0000858026 
040 |a WaSeSS  |c WaSeSS  |d WaSeSS 
043 |a n-us--- 
050 4 |a Z1236 
245 0 0 |a Congressional documents and publications  |h [electronic resource]. 
260 |a Greenbelt, Md. :  |b Federal Information & News Dispatch 
310 |a Daily 
506 |a License restrictions may limit access. 
588 |a Description based on: Jan. 2, 2010; title from title screen (ProQuest, viewed March 24, 2013). 
588 |a Latest issue consulted: Mar. 24, 2013 (viewed March 24, 2013). 
610 1 0 |a United States.  |b Congress.  |b House  |x Bibliography  |v Periodicals. 
610 1 0 |a United States.  |b Congress.  |b Senate  |x Bibliography  |v Periodicals. 
651 0 |a United States  |x Bibliography  |v Periodicals. 
655 0 |a Electronic journals. 
856 4 0 |z Full text available from Research Library: 06/22/2007 to 12/31/2007  |u https://search.proquest.com/publication/237726 
856 4 0 |z Full text available from Research Library: 01/01/2010 to present  |u https://search.proquest.com/publication/237726